00305nam a2200121Ia 4500008004100000041000800041082001700049100001000066245003800076260003300114300001900147999001700166241015s9999 xx 000 0 und d aeng a658.4038 BAK aBaker aDecision Intelligence For Dummies bWiley IndiaaNew Delhic2022 a306;. P. 23 cm c41877d41877